A szent leckék magyarázata

Elmentve itt :
Bibliográfiai részletek
Szerző: Szentiványi Róbert
Dokumentumtípus: Könyv
Megjelent: Városi Nyomda Szeged 1938
Kulcsszavak:Teológia
Tárgyszavak:
Online Access:http://misc.bibl.u-szeged.hu/76154
LEADER 00596nam a2200181 i 4500
001 misc76154
005 20260318142540.0
008 260313s1938 hu o 000 hun d
040 |a SZTE Miscellanea Repozitórium  |b hun 
041 |a hun 
100 1 |a Szentiványi Róbert 
245 1 2 |a A szent leckék magyarázata  |h [elektronikus dokumentum] /  |c  Szentiványi Róbert 
260 |a Városi Nyomda  |b Szeged  |c 1938 
300 |a 164  |c 24 cm 
650 4 |a Társadalomtudományok 
650 4 |a Oktatástudomány 
695 |a Teológia 
856 4 0 |u http://misc.bibl.u-szeged.hu/76154/1/XB_142728.pdf  |z Dokumentum-elérés